The Doctors Mayo : (Record no. 24290)
[ view plain ]
| 000 -LEADER | |
|---|---|
| fixed length control field | 00875cam a22002651 4500 |
| 001 - CONTROL NUMBER | |
| control field | 24290 |
| 003 - CONTROL NUMBER IDENTIFIER | |
| rucl marc code | BD-RjUL |
| 005 - DATE AND TIME OF LATEST TRANSACTION | |
| control field | 20211209001030.0 |
| 008 - FIXED-LENGTH DATA ELEMENTS--GENERAL INFORMATION | |
| fixed length control field | 140313s1941 mnubcfh b s001 0ceng |
| 035 ## - SYSTEM CONTROL NUMBER | |
| System control number | (BD-RjUL)24356 |
| 040 ## - CATALOGING SOURCE | |
| Original cataloging agency | DLC/ICU |
| Transcribing agency | ICU |
| Modifying agency | DLC |
| -- | BD-RjUL |
| Language of cataloging | eng |
| 041 ## - LANGUAGE CODE | |
| Language code of text/sound track or separate title | eng |
| 082 00 - DEWEY DECIMAL CLASSIFICATION NUMBER | |
| Classification number | 926.1 |
| Author mark and year | CLD 1941 |
| 100 1# - MAIN ENTRY--PERSONAL NAME | |
| Personal name | Clapesattle, Helen. |
| 9 (RLIN) | 74811 |
| 245 14 - TITLE STATEMENT | |
| Title | The Doctors Mayo : |
| Statement of responsibility, etc. | by Helen Clapesattle. |
| 260 ## - PUBLICATION, DISTRIBUTION, ETC. (IMPRINT) | |
| Place of publication, distribution, etc. | Minneapolis : |
| Name of publisher, distributor, etc. | The University of Minnesota press, |
| Date of publication, distribution, etc. | c1941. |
| 300 ## - PHYSICAL DESCRIPTION | |
| Pagination | xiv, 822 p. : |
| Illustrations | plates, ports., maps, facsim ; |
| Size | 23 cm. |
| 504 ## - BIBLIOGRAPHY, ETC. NOTE | |
| Bibliography, etc | Includes "bibliographical notes" (p. 717-799) and index. |
| 600 10 - SUBJECT ADDED ENTRY--PERSONAL NAME | |
| Personal name | Mayo, William Worrall, |
| Dates associated with a name | 1819-1911. |
| Personal name | Mayo, Charles Horace, |
| Dates associated with a name | 1865-1939. |
| Personal name | Mayo, William James, |
| Dates associated with a name | 1861-1939. |
| 942 ## - ADDED ENTRY ELEMENTS (KOHA) | |
| Source of classification or shelving scheme | Dewey Decimal Classification |
| Koha item type | Books |
| Lost status | Source of classification or shelving scheme | Damaged status | Not for loan | Collection code | Permanent Location | Current Location | Shelving location | Date acquired | Source of acquisition | Total Checkouts | Full call number | Date last seen | Copy number | Koha item type |
|---|---|---|---|---|---|---|---|---|---|---|---|---|---|---|
| Dewey Decimal Classification | Non-fiction | Central Library, University of Rajshahi | Central Library, University of Rajshahi | 01/03/1958 | U. S. I. S. | 926.1 CLD 1941 | 13/03/2014 | C-1 | Books | |||||
| Dewey Decimal Classification | Non-fiction | Central Library, University of Rajshahi | Central Library, University of Rajshahi | 01/03/1958 | U.S.I.S gift | 926.1 CLD 1941 | 13/03/2014 | C-2 | Books | |||||
| Dewey Decimal Classification | Non-fiction | Central Library, University of Rajshahi | Central Library, University of Rajshahi | 14/05/1963 | Asia foundation | 926.1 CLD 1956 | 24/03/2014 | C-3 | Books |